00462nam a2200181Ia 4500003000400000005001700004008004100021040000700062041001200069082001700081100002500098245004400123260004100167300001400208365001200222650001500234650003100249OSt20251016190214.0210423s1970 xx 000 0 und d cAL aEnglish a361.4 bBHAR aPerviz Markand Bhatt aRecords of group work practice in India aBarodabFaculty Of Social Workc1970 aii,69bPB b10cINR aGroup Work aSocial Problems & Services